Word Scramble - Countries and Capitals - Statistics

General Stats
  • This quiz has been taken 36 times
  • The average score is 16 of 20
Answer Stats
Hint Answer % Correct
jaopktnyao Japan
100%
Tokyo
100%
uriynikaekv Ukraine
100%
Kyiv
97%
cavuaahnba Cuba
88%
finpraraecs France
88%
Havana
88%
Paris
88%
rasmcisosouw Russia
88%
Beijing
84%
cihjeinnibag China
84%
ieadyjlveknícrak Iceland
84%
Moscow
84%
Reykjavík
81%
Madrid
66%
siamadinrpd Spain
66%
iloamryte Italy
59%
Rome
59%
Athens
53%
geneahertces Greece
53%
No matching quizzes found
Score Distribution
Percent of People with Each Score
Percentile by Number Answered
Your Score History
You have not taken this quiz